000 00963cam a2200325 a 4500
001 000020119
003 DO-SdBNP
005 20230403112236.0
007 000020119
008 700702s1998 dr 000 d spa d
020 _a844940819
040 _aBPMSU
_bspa
_cBPMSU
092 _a822.33
_bS527r
100 1 _aShakespeare, William,
_d1564-1616
240 1 0 _aRomeo and Juliet.
_lEspañol
245 1 0 _aRomeo y Julieta /
_cWilliam Shakespeare ; traducción de José María Valverde.
260 _aMadrid :
_bLosada
_c1998
300 _a149 p. ;
_c21 cm.
490 1 _aClásicos universales
504 _aIncluye notas al pie de las páginas.
534 _aTítulo original: Romeo and Juliet
650 4 _aTEATRO INGLÉS
650 4 _aDRAMA INGLÉS
650 4 _aLITERATURA INGLESA
700 1 2 _a
_e
830 0 _a Clásicos universales
_n
910 _aValidado. Control de calidad MFF
942 _2ddc
_cBK
945 _aInventariado, 2018/ YL
999 _c9055
_d9055